Poland in Eurovision - 12 points - Statistics

General Stats
  • This quiz has been taken 19 times
  • The average score is 53 of 58
Answer Stats
Hint Answer % Correct
2006 SF Finland
100%
2006 Finland
100%
2021 SF (Televote) Finland
100%
1995 Norway
100%
2009 Norway
100%
1996 QR Sweden
100%
2015 SF Sweden
100%
2015 Sweden
100%
2018 SF (Jury) Sweden
100%
2022 SF (Jury) Sweden
100%
2022 SF (Televote) Sweden
100%
2004 Ukraine
100%
2005 Ukraine
100%
2007 Ukraine
100%
2016 SF (Jury) Ukraine
100%
2016 SF (Televote) Ukraine
100%
2016 (Jury) Ukraine
100%
2016 (Televote) Ukraine
100%
2018 SF (Televote) Ukraine
100%
2018 (Televote) Ukraine
100%
2021 (Televote) Ukraine
100%
2022 (Jury) Ukraine
100%
2022 (Televote) Ukraine
100%
2023 (Televote) Ukraine
100%
2024 SF (Televote) Ukraine
100%
2024 (Televote) Ukraine
100%
2001 Estonia
94%
1999 Germany
94%
2023 (Jury) Israel
94%
2007 SF Latvia
94%
2011 SF Lithuania
94%
2011 Lithuania
94%
2014 Netherlands
94%
2017 SF (Jury) Portugal
94%
2017 SF (Televote) Portugal
94%
2017 (Jury) Portugal
94%
2014 SF Switzerland
94%
2024 (Jury) Switzerland
94%
2018 (Jury) Austria
88%
2009 SF Azerbaijan
88%
1997 France
88%
1996 Ireland
88%
2019 SF (Jury) Australia
81%
2019 (Jury) Australia
81%
1998 Belgium
81%
2003 Belgium
81%
2010 SF Belgium
81%
2017 (Televote) Belgium
81%
2010 Denmark
81%
1994 Hungary
81%
2005 SF Hungary
81%
2019 SF (Televote) Iceland
81%
2019 (Televote) Iceland
81%
2008 SF Armenia
75%
2008 Armenia
75%
2021 SF (Jury) Greece
75%
2021 (Jury) San Marino
75%
2023 SF (Televote) Slovenia
75%
No matching quizzes found
Score Distribution
Percent of People with Each Score
Percentile by Number Answered
Your Score History
You have not taken this quiz